01311cam a22003498i 45000010009000000050017000090080041000260100017000670200018000840200018001020200018001200410008001380420008001460820017001541000022001712450116001932600028003092630009003372640055003463000023004013360026004243370028004503380027004785040051005055200128005566500016006846500022007006500034007227000023007567000024007797760158008032307570920250403143115.0230421s2024 mau b 001 0 eng  a 2023019245 a9780262048965 z9780262378406 z9780262378413 aeng apcc00a658.4092 SPI1 aSpinosa, Charles,10aLeadership As Masterpiece Creation: What Business Leaders Can Learn From The Humanities About Moral Risk Taking aLondonbMIT Pressc2024 a2402 1aCambridge, Massachusetts :bThe MIT Press,c[2024] a276;. pages: 23 cm atextbtxt2rdacontent aunmediatedbn2rdamedia avolumebnc2rdacarrier aIncludes bibliographical references and index. a"An attempt to use the ancient wisdom of the humanities to argue for a moral and aesthetic vision of business leadership"-- 0aLeadership. 0aExecutive ability 0aCreative ability in business.1 aHancocks, Matthew,1 aTsoukas, Haridimos,08iOnline version:aSpinosa, Charles.tLeadership as masterpiece creationdCambridge, Massachusetts : The MIT Press, [2024]z9780262378406w(DLC) 2023019246